书目信息 |
| 题名: |
四五运动纪实
|
|
| 作者: | 严家其 编写 | |
| 分册: | ||
| 出版信息: | 北京 人民出版社 1979 |
|
| 页数: | 174页 | |
| 开本: | 19cm | |
| 丛书名: | ||
| 单 册: | ||
| 中图分类: | D654 | |
| 科图分类: | ||
| 主题词: | 政治--中国 | |
| 电子资源: | ||
| ISBN: | ||
| 000 | 00548nam0 2200217 45 | |
| 001 | 0179003773 | |
| 005 | 20060913155445.56 | |
| 010 | @dCNY0.43 | |
| 091 | @a3001.1696 | |
| 100 | @a19950713d1979 em y0chiy0121 ea | |
| 101 | 0 | @achi |
| 102 | @aCN@b110000 | |
| 105 | @af z 000yy | |
| 200 | 10 | @a四五运动纪实@Asi wu yun dong ji shi@f严家其等编写 |
| 210 | @a北京@c人民出版社@d1979 | |
| 215 | @a174页@d19cm | |
| 606 | 0 | @a政治@x中国 |
| 690 | @aD654 | |
| 701 | 0 | @a严家其@Ayan jia qi@4编写 |
| 801 | 0 | @aCN@bNLC@c20060913 |
| 905 | @f1@b8186@dD654@e1 | |
| 四五运动纪实/严家其等编写.-北京:人民出版社,1979 |
| 174页;19cm |
| ISBN :CNY0.43 |
| ● |
| 相关链接 |
|
|
|
|
正题名:四五运动纪实
索取号:D654/1
 
预约/预借
| 序号 | 登录号 | 条形码 | 馆藏地/架位号 | 状态 | 备注 |
| 1 | 0008186 | 001926679 | 密集书库/ [索取号:D654/1] | 在馆 | |
| 2 | 0447230 | 204472301 | 密集书库/ [索取号:D654/1] | 在馆 | |
| 3 | 0473249 | 204732496 | 密集书库/ [索取号:D654/1] | 在馆 |